[Event "Bad Endbach"]
[Site "Bad Endbach"]
[Date "1995.??.??"]
[Round "?"]
[White "Kupreichik, Viktor D"]
[Black "Kaminski, Marcin"]
[Result "1-0"]
[WhiteElo "2500"]
[BlackElo "2455"]
[Annotator "Knaak,R"]
[PlyCount "53"]
[EventDate "1995.04.??"]
[EventType "tourn"]
[EventRounds "11"]
[EventCountry "GER"]
[EventCategory "11"]
[SourceTitle "CBM 047"]
[Source "ChessBase"]
[SourceDate "1995.08.01"]
[SourceVersion "1"]
[SourceVersionDate "1995.08.01"]
[SourceQuality "1"]

1. e4 {Kortschnoj} e6 2. d4 d5 3. e5 c5 4. c3 Nc6 5. Be3 Qb6 6. Qd2 Bd7 7. Nf3
cxd4 (7... Nh6 $5 {Kortschnoj} 8. Bxh6 gxh6 $13) 8. cxd4 Rc8 9. Nc3 (9. a3 $2
Na5 10. Ra2 Qb3 11. Nc3 Rxc3 12. bxc3 Qb1+ 13. Qc1 Qxa2 $19 {0-1 Morris,
D-Schaffner,U/Bern op (09) ;EXP 21 1991 (25)}) 9... Na5 10. Bd3 Bb4 (10... Nc4
{Kortschnoj} 11. Bxc4 Rxc4 12. O-O Bb4 13. a3 Bxc3 14. bxc3 Qc7 $10) 11. O-O
Ne7 12. Rab1 (12. Rfc1 Nc4 13. Bxc4 Rxc4 14. a3 Bxc3 15. Rxc3 Qa6 16. Rac1 O-O
17. Bg5 f6 $2 18. exf6 gxf6 19. Bxf6 Rxf6 20. Qg5+ Rg6 21. Qxe7 $18 {1-0 Bizat,
M-Alhadrani,H/Moscow olm (04) MNC-YEM ;EXP 44 1994 (29)}) 12... Nc4 13. Qe2 Qa5
14. Rfc1 h6 (14... Nxe3) 15. a3 Bxc3 16. Rxc3 O-O (16... Nxe3 $6 17. Rxc8+ Nxc8
(17... Bxc8 {Kortschnoj} 18. Qxe3 Bd7 19. Rc1 $14) 18. Qxe3 $16 {[%cal Gb1c1,
Gc1c8]}) 17. Bxh6 $5 {Siehe Rausis-Piesina/Riga zt/1995} gxh6 18. Ng5 $3 {
Allein für den Mut!} Nxb2 $2 (18... hxg5 $142 $1 19. Qh5 f5 {...und es ist
kein Gewinn zu sehen (Tischbierek Schach 6/95). Recht hat er; selbst ein
Dauerschach ist nicht in Sicht. Weiß steht objektiv schlechter.} 20. exf6 (20.
Qxg5+ $6 Kf7 21. Qh5+ Kg7 $1 (21... Ng6 22. Qh7+ Ke8 23. Qxg6+ Kd8 (23... Rf7
24. Bxf5 $16) 24. Rbc1 $13) 22. Bxc4 Ng6 23. Rg3 Be8 $19) (20. Bxc4 $2 Rf7 $19
21. Rh3 Rg7 22. Be2) (20. Bxf5 $2 Rxf5 21. Rh3 Kf8 22. Qh8+ Ng8 23. Rh7 Rf7 $19
) (20. Be2 $2 Be8 (20... g4 $2 21. Qg5+ Kf7 22. Rh3 $1 Ke8 23. Rh7 $16) 21.
Qxg5+ Ng6 $19) 20... Rxf6 21. Qxg5+ Kf7 22. Qh5+ (22. Bxc4 $2 Rf5 $19) 22...
Kg7 (22... Kf8 23. Qg5 (23. Bxc4 Nf5 24. Bd3 Rxc3 25. bxc3) 23... Rf7 24. Bxc4
Qb6) 23. Bxc4 $5 {[%cal Gh5a5]} (23. Qg5+ Ng6 24. Bxg6 Rxg6 25. Qe7+ Kg8 26.
Qxd7 Qc7 27. Qxc7 Rxc7 28. b3 Nxa3 29. Rxc7 Nxb1 30. Rxb7 Nd2 $17) (23. Qh7+
Kf8 24. Qh8+ Ng8 $1 (24... Kf7 25. Qh7+ $10) 25. Bh7 (25. Bxc4 Rxc4 26. Rg3 Ke7
$17) 25... Ke7 26. Bxg8 Rcf8 $17) 23... Ng6 $15) 19. Bh7+ $1 Kh8 (19... Kg7 20.
Rh3 $1 (20. Rg3 hxg5 21. Qh5 f6 $1 {Kortschnoj: White has hardly more than a
draw}) 20... hxg5 (20... Nc4 21. Qh5 $18) (20... Rc3 21. Qd2 {/\ 22.Nxe6+, 23.
Qxh6+}) (20... Qc7 21. Qd2 $1 $18 {[%cal Gd2h6]}) 21. Qh5 f6 {Kortschnoj:
White has hardly more than a draw.} 22. Qh6+ Kf7 23. exf6 Ke8 24. Qxg5 (24.
fxe7 $2 Kxe7 25. Qxg5+ Kd6 26. Qe5+ Ke7 $10) (24. Qg7 Rf7 25. Bg6 Nxg6 26. Qxg6
Kd8 27. Qxf7 $16) 24... Nf5 (24... Nc6 25. f7+ Rxf7 26. Bg6 $18) 25. Bxf5 Kd8 (
25... exf5 26. Qg7 Kd8 27. Qxf8+ Kc7 28. Qxc8+ Kxc8 29. Rh8+ Kc7 30. f7 $18)
26. Qg7 $18) 20. Rh3 Bb5 {/\ 21.Qh5 Qd2-+} (20... hxg5 21. Bg8+ Kxg8 22. Qh5
$18) (20... Qc7 21. Qd2 $3 (21. Qxb2 hxg5 $1 22. Qd2 Rg8 $1 23. Bxg8+ (23. Bg6+
Kg7 24. Qxg5 Kf8 $17) 23... Kxg8 24. Qxg5+ Ng6 $13) 21... Nc4 22. Nxf7+ Rxf7
23. Qxh6 $18) 21. Qf3 $1 $18 (21. Qh5 $4 {Kortschnoj} Qd2 $19) 21... f6 (21...
Ng8 22. Rxh6 $1 $18) (21... f5 22. Rxh6 $18) 22. Rxh6 Rc3 (22... fxg5 23. Be4+
Kg7 24. Qh5 $18) (22... Kg7 {Kortschnoj} 23. Rxf6 $18) 23. Bf5+ Kg7 24. Rh7+
Kg8 25. Bxe6+ Rf7 26. Bxf7+ Kf8 27. Ne6# 1-0

[Event "Bad Endbach"]
[Site "Bad Endbach"]
[Date "1995.??.??"]
[Round "?"]
[White "Mikhalevski, Victor"]
[Black "Kupreichik, Viktor D"]
[Result "0-1"]
[WhiteElo "2525"]
[BlackElo "2500"]
[PlyCount "120"]
[EventDate "1995.04.??"]
[EventType "tourn"]
[EventRounds "11"]
[EventCountry "GER"]
[EventCategory "11"]
[SourceTitle "CBM 047"]
[Source "ChessBase"]
[SourceDate "1995.08.01"]
[SourceVersion "1"]
[SourceVersionDate "1995.08.01"]
[SourceQuality "1"]

1. d4 Nf6 2. c4 e6 3. Nf3 d5 4. g3 dxc4 5. Bg2 Nc6 6. O-O a6 7. e3 Bd7 8. Nc3
Be7 9. Ne5 Na5 10. Qe2 O-O 11. Rd1 Rb8 12. d5 Bd6 13. Nxd7 Qxd7 14. Bh3 Qe8 15.
dxe6 fxe6 16. e4 e5 17. a4 Bc5 18. Be3 Bxe3 19. fxe3 Kh8 20. Rf1 Qc6 21. Rf5
Nxe4 22. Nxe4 Qxe4 23. Raf1 Rxf5 24. Bxf5 Qc6 25. Qh5 Qh6 26. Qf7 Qxe3+ 27. Kh1
Qc5 28. Be4 Qd6 29. Qh5 g6 30. Qh6 Kg8 31. h4 Nc6 32. h5 Ne7 33. hxg6 Nxg6 34.
Kg2 Rd8 35. Qh5 Kg7 36. Qg5 Qd2+ 37. Qxd2 Rxd2+ 38. Kh3 Rxb2 39. a5 c3 40. Rc1
Rb4 41. Bg2 Rb3 42. Bd5 Rb5 43. Be4 c6 44. Rxc3 Ne7 45. Ra3 Nd5 46. Bf5 h6 47.
Ra4 Kf6 48. Bc8 Nb4 49. Bg4 Nd3 50. Be2 e4 51. Kh4 Rb4 52. Ra3 Nc1 53. Bg4 Rb2
54. Bc8 Nd3 55. g4 Nf4 56. Ra4 Ke5 57. Bf5 Rh2+ 58. Kg3 Rh3+ 59. Kf2 e3+ 60.
Kg1 e2 0-1

[Event "Bad Endbach"]
[Site "Bad Endbach"]
[Date "1995.??.??"]
[Round "?"]
[White "Schmittdiel, Eckhard"]
[Black "Kupreichik, Viktor D"]
[Result "0-1"]
[WhiteElo "2485"]
[BlackElo "2500"]
[PlyCount "86"]
[EventDate "1995.04.??"]
[EventType "tourn"]
[EventRounds "11"]
[EventCountry "GER"]
[EventCategory "11"]
[SourceTitle "CBM 047"]
[Source "ChessBase"]
[SourceDate "1995.08.01"]
[SourceVersion "1"]
[SourceVersionDate "1995.08.01"]
[SourceQuality "1"]

1. e4 e5 2. Nf3 Nc6 3. d4 exd4 4. Nxd4 Bc5 5. Be3 Qf6 6. c3 Qg6 7. Qe2 Nxd4 8.
Bxd4 Bxd4 9. cxd4 Ne7 10. Nc3 O-O 11. O-O-O c6 12. Qd2 d5 13. f3 dxe4 14. fxe4
Rd8 15. Bc4 b5 16. Bb3 Be6 17. Bxe6 Qxe6 18. d5 cxd5 19. exd5 Qc8 20. d6 b4 21.
Qf4 bxc3 22. dxe7 Re8 23. Rhe1 Qb7 24. bxc3 Rac8 25. Qd4 f6 26. Rd3 Qxg2 27.
Qd7 Qc6 28. Kc2 Kf7 29. Qxc6 Rxc6 30. Rd7 Ra6 31. Kb2 Rb6+ 32. Ka1 a6 33. Ra7
f5 34. a4 f4 35. h4 f3 36. c4 f2 37. Rf1 Rf6 38. Kb2 Rxe7 39. Rxe7+ Kxe7 40.
Kc3 Kd6 41. Kd4 Rf4+ 42. Ke3 Rxh4 43. Rxf2 Rxc4 0-1

[Event "Eupen op rapid"]
[Site "Eupen"]
[Date "1995.??.??"]
[Round "2"]
[White "Kupreichik, Viktor D"]
[Black "Brueggemann, Joachim"]
[Result "1-0"]
[WhiteElo "2500"]
[BlackElo "2305"]
[PlyCount "67"]
[EventDate "1995.04.08"]
[EventType "swiss (rapid)"]
[EventRounds "7"]
[EventCountry "BEL"]
[SourceTitle "EXT 1997"]
[Source "ChessBase"]
[SourceDate "1996.11.15"]
[SourceVersion "1"]
[SourceVersionDate "1996.11.15"]
[SourceQuality "1"]

1. e4 c5 2. Nf3 d6 3. Nc3 Nc6 4. d4 cxd4 5. Nxd4 g6 6. Be2 Bg7 7. Nb3 Nf6 8.
O-O Be6 9. Bg5 Rc8 10. Re1 O-O 11. Bf1 Ne5 12. Nd5 Bxd5 13. exd5 Qb6 14. Rc1 e6
15. dxe6 fxe6 16. Qd4 Qc7 17. Red1 d5 18. Qh4 Ne4 19. Be3 Rf5 20. Be2 Nc4 21.
Bxc4 Rh5 22. Qg4 Qxh2+ 23. Kf1 Rxc4 24. Qxe6+ Kf8 25. Rxd5 Qc7 26. Rd7 Rh1+ 27.
Ke2 Rxc2+ 28. Rxc2 Qxc2+ 29. Kf3 Qxf2+ 30. Bxf2 Ng5+ 31. Kg3 Nxe6 32. Rxb7 Bxb2
33. Nc5 Nxc5 34. Bxc5+ 1-0

[Event "Kemerovo2"]
[Site "Kemerovo"]
[Date "1995.??.??"]
[Round "12"]
[White "Tataev, Manach"]
[Black "Kupreichik, Viktor D"]
[Result "0-1"]
[WhiteElo "2315"]
[BlackElo "2525"]
[PlyCount "66"]
[EventDate "1995.08.??"]
[EventType "tourn"]
[EventRounds "13"]
[EventCountry "RUS"]
[EventCategory "6"]
[SourceTitle "CBM 049 Extra"]
[Source "ChessBase"]
[SourceDate "1996.01.01"]
[SourceVersion "1"]
[SourceVersionDate "1996.01.01"]
[SourceQuality "1"]

1. c4 Nf6 2. d4 g6 3. Nc3 d6 4. e4 Bg7 5. f3 e5 6. d5 Nh5 7. Nge2 f5 8. Be3 Nd7
9. Qd2 O-O 10. O-O-O Ndf6 11. h3 fxe4 12. fxe4 Qe7 13. g3 a6 14. Bg2 b5 15.
cxb5 axb5 16. a3 Ba6 17. Rhe1 b4 18. axb4 Qd7 19. g4 Bxe2 20. Rxe2 Ng3 21. Ree1
c6 22. Bf2 cxd5 23. exd5 Rfc8 24. Kb1 e4 25. Bd4 Rc4 26. Qf2 Rxb4 27. Qxg3 Qb7
28. Re2 Qa6 29. Kc2 Rc8 30. Qf2 Qa4+ 31. Kc1 Bh6+ 32. Be3 Rxb2 33. Kxb2 Qb4+
0-1

[Event "BL2-West 9596"]
[Site "Germany"]
[Date "1996.??.??"]
[Round "?.2"]
[White "Koch, Thomas"]
[Black "Kupreichik, Viktor D"]
[Result "0-1"]
[WhiteElo "2345"]
[BlackElo "2525"]
[PlyCount "143"]
[EventDate "1995.10.??"]
[EventType "team-tourn"]
[EventRounds "9"]
[EventCountry "GER"]
[SourceTitle "GER-chT2"]
[Source "ChessBase"]
[SourceDate "1999.07.01"]
[SourceVersion "1"]
[SourceVersionDate "1999.07.01"]
[SourceQuality "1"]
[WhiteTeam "Aachen"]
[BlackTeam "Plettenberg"]
[WhiteTeamCountry "GER"]
[BlackTeamCountry "GER"]

1. d4 Nf6 2. c4 g6 3. Nc3 Bg7 4. e4 O-O 5. h3 d6 6. Bg5 c6 7. Nf3 a6 8. Be2 b5
9. e5 Ne8 10. O-O Nc7 11. exd6 Qxd6 12. Ne4 Qd8 13. Qd2 Bf5 14. Ng3 Be6 15. b3
f6 16. Bh6 Ne8 17. Rfe1 Bf7 18. Rad1 Nd6 19. Bxg7 Kxg7 20. Ne5 Ra7 21. Nxf7
Rxf7 22. h4 Qc7 23. h5 Nd7 24. c5 Ne8 25. Bd3 Nf8 26. Re4 e6 27. hxg6 hxg6 28.
Rg4 f5 29. Rh4 Kg8 30. Ne2 Qd8 31. Qf4 Rh7 32. Rxh7 Rxh7 33. Bc2 Nc7 34. Qg3
Nd5 35. Nf4 Qc7 36. Nd3 Qxg3 37. fxg3 Nd7 38. Re1 Kf7 39. b4 Rh8 40. a4 Nc3 41.
Bb3 Re8 42. Nf4 Nf8 43. Rc1 Ne4 44. axb5 axb5 45. Ra1 Nxg3 46. Kf2 Ne4+ 47. Ke3
Nf6 48. Nd3 Ng4+ 49. Kd2 Rd8 50. Kc3 g5 51. Bd1 Ng6 52. Bxg4 fxg4 53. g3 e5 54.
dxe5 Ke6 55. Ra7 Ne7 56. Nf2 Nd5+ 57. Kb3 Rf8 58. Nd3 Rf3 59. Kc2 Rxg3 60. Rg7
Nf4 61. Ne1 Re3 62. Kd2 Re2+ 63. Kd1 Rxe5 64. Rc7 Kd5 65. Ra7 Kc4 66. Rc7 Rd5+
67. Kc1 g3 68. Rxc6 g2 69. Nxg2 Nxg2 70. Re6 Kxb4 71. c6 Rc5+ 72. Kd2 0-1

[Event "BL2-West 9596"]
[Site "Germany"]
[Date "1995.??.??"]
[Round "?.2"]
[White "Kengis, Edvins"]
[Black "Kupreichik, Viktor D"]
[Result "0-1"]
[WhiteElo "2565"]
[BlackElo "2525"]
[PlyCount "66"]
[EventDate "1995.10.??"]
[EventType "team-tourn"]
[EventRounds "9"]
[EventCountry "GER"]
[SourceTitle "GER-chT2"]
[Source "ChessBase"]
[SourceDate "1999.07.01"]
[SourceVersion "1"]
[SourceVersionDate "1999.07.01"]
[SourceQuality "1"]
[WhiteTeam "Godesberg"]
[BlackTeam "Plettenberg"]
[WhiteTeamCountry "GER"]
[BlackTeamCountry "GER"]

1. e4 c5 2. Nf3 d6 3. d4 cxd4 4. Nxd4 Nf6 5. Nc3 Bd7 6. Bc4 e6 7. Be3 a6 8. Bb3
b5 9. O-O Be7 10. f4 b4 11. e5 bxc3 12. exf6 Bxf6 13. bxc3 Nc6 14. f5 Nxd4 15.
Bxd4 e5 16. Be3 Qc7 17. Qh5 Bb5 18. Rfd1 O-O 19. Bg5 Qe7 20. Bxf6 Qxf6 21. a4
Bd7 22. Rd2 Bxf5 23. Rf1 g6 24. Qd1 Rad8 25. Kh1 Kg7 26. Bc4 Qh4 27. Bxa6 Qxa4
28. Rxd6 Qa5 29. Bc4 Rxd6 30. Qxd6 Qxc3 31. Bb3 e4 32. h3 Re8 33. Qd5 Re7 {Zeit
} 0-1

[Event "BL2-West 9596"]
[Site "Germany"]
[Date "1996.??.??"]
[Round "?.2"]
[White "Buecker, Stefan"]
[Black "Kupreichik, Viktor D"]
[Result "0-1"]
[WhiteElo "2345"]
[BlackElo "2525"]
[PlyCount "78"]
[EventDate "1995.10.??"]
[EventType "team-tourn"]
[EventRounds "9"]
[EventCountry "GER"]
[SourceTitle "GER-chT2"]
[Source "ChessBase"]
[SourceDate "1999.07.01"]
[SourceVersion "1"]
[SourceVersionDate "1999.07.01"]
[SourceQuality "1"]
[WhiteTeam "Muenster"]
[BlackTeam "Plettenberg"]
[WhiteTeamCountry "GER"]
[BlackTeamCountry "GER"]

1. f4 g6 2. Nf3 Bg7 3. g3 d5 4. Bg2 Nc6 5. Nc3 d4 6. Ne4 f5 7. Nf2 Nh6 8. c3
O-O 9. Qb3+ Kh8 10. O-O Nf7 11. cxd4 Nxd4 12. Nxd4 Qxd4 13. e3 Qd6 14. d4 a5
15. Bd2 e5 16. fxe5 Nxe5 17. Rac1 Nd7 18. Nd3 Re8 19. Kh1 c6 20. Rce1 a4 21.
Qc2 Nf6 22. Nc5 b5 23. Bc3 Be6 24. e4 fxe4 25. Rxf6 Bxf6 26. Nxe4 Bf5 27. Nxd6
Rxe1+ 28. Bxe1 Bxc2 29. Bxc6 Rb8 30. Bf2 b4 31. Be3 b3 32. axb3 axb3 33. Bd5
Kg7 34. Kg2 Rd8 35. Be4 Bxe4+ 36. Nxe4 Bxd4 37. Ng5 Kf6 38. Nxh7+ Kf5 39. Bg5
Rh8 0-1

[Event "Groningen op"]
[Site "Groningen"]
[Date "1995.??.??"]
[Round "?"]
[White "Hendriks, Willy"]
[Black "Kupreichik, Viktor D"]
[Result "0-1"]
[WhiteElo "2395"]
[BlackElo "2525"]
[PlyCount "60"]
[EventDate "1995.12.??"]
[EventType "swiss"]
[EventRounds "11"]
[EventCountry "NED"]
[SourceTitle "CBM 050 Extra"]
[Source "ChessBase"]
[SourceDate "1996.03.01"]
[SourceVersion "1"]
[SourceVersionDate "1996.03.01"]
[SourceQuality "1"]

1. e4 c5 2. Nf3 d6 3. d4 cxd4 4. Nxd4 Nf6 5. Nc3 Bd7 6. Bc4 e6 7. Bb3 a6 8. f4
Nc6 9. Be3 b5 10. Qf3 Qc8 11. O-O Be7 12. Rae1 O-O 13. a3 Rb8 14. g4 b4 15.
Nce2 bxa3 16. bxa3 Qb7 17. Ng3 d5 18. e5 Ne4 19. Nxe4 dxe4 20. Qg3 Bxa3 21. f5
Rfe8 22. Nxc6 Bxc6 23. f6 Qc7 24. fxg7 Bb2 25. Bf4 Bd4+ 26. Re3 a5 27. Kh1 a4
28. Bc4 Ba8 29. Be2 Qxc2 30. Bg5 Rb1 0-1

[Event "Groningen op"]
[Site "Groningen"]
[Date "1995.??.??"]
[Round "?"]
[White "Kupreichik, Viktor D"]
[Black "Jonkman, Harmen"]
[Result "1-0"]
[WhiteElo "2525"]
[BlackElo "2345"]
[PlyCount "89"]
[EventDate "1995.12.??"]
[EventType "swiss"]
[EventRounds "11"]
[EventCountry "NED"]
[SourceTitle "CBM 050 Extra"]
[Source "ChessBase"]
[SourceDate "1996.03.01"]
[SourceVersion "1"]
[SourceVersionDate "1996.03.01"]
[SourceQuality "1"]

1. e4 e5 2. Nf3 Nc6 3. Bb5 f5 4. Nc3 fxe4 5. Nxe4 Nf6 6. Nxf6+ Qxf6 7. O-O Nd4
8. Re1 Be7 9. Nxd4 exd4 10. Qh5+ g6 11. Qh6 c6 12. Bf1 d5 13. d3 Kf7 14. Rxe7+
Qxe7 15. Bd2 Be6 16. Re1 Rae8 17. Bf4 Qf8 18. Qh4 Qe7 19. Bg5 Qd6 20. Qxd4 Bf5
21. Bf4 Qd7 22. Be5 Rhf8 23. Qxa7 d4 24. Re2 Rd8 25. Qb6 Rfe8 26. Qb3+ Be6 27.
Qb4 Bf5 28. Qd2 Kg8 29. h3 Qf7 30. Qf4 Bc8 31. Qh4 c5 32. a3 b5 33. b4 cxb4 34.
axb4 Rd5 35. f4 Qe7 36. Qh6 Qf7 37. Re4 Bb7 38. Qh4 Rc8 39. Qf2 Qf8 40. Bxd4
Rf5 41. g3 Qxb4 42. Re6 Qb1 43. Qe3 Qa2 44. Re8+ Rf8 45. Qe5 1-0

[Event "Groningen op"]
[Site "Groningen"]
[Date "1995.??.??"]
[Round "?"]
[White "Kupreichik, Viktor D"]
[Black "Skripchenko, Almira"]
[Result "1-0"]
[WhiteElo "2525"]
[BlackElo "2400"]
[PlyCount "73"]
[EventDate "1995.12.??"]
[EventType "swiss"]
[EventRounds "11"]
[EventCountry "NED"]
[SourceTitle "CBM 050 Extra"]
[Source "ChessBase"]
[SourceDate "1996.03.01"]
[SourceVersion "1"]
[SourceVersionDate "1996.03.01"]
[SourceQuality "1"]

1. e4 e5 2. Nf3 Nc6 3. Bb5 f5 4. Nc3 fxe4 5. Nxe4 Nf6 6. d3 d5 7. Nc3 Bg4 8. h3
Bxf3 9. Qxf3 Qd6 10. O-O O-O-O 11. Bxc6 Qxc6 12. Qf5+ Kb8 13. Qxe5 d4 14. Ne4
Rd5 15. Qf4 Bd6 16. Nxd6 Rxd6 17. Qg5 Rd5 18. Qg3 Re8 19. Bg5 Rde5 20. Rac1 Nd5
21. c4 Nf6 22. Qh4 Qb6 23. b3 Nd7 24. Bd2 g5 25. Qxh7 Nf8 26. Qf7 Ng6 27. Rfe1
a6 28. Qxe8+ Rxe8 29. Rxe8+ Ka7 30. Rce1 Nf4 31. R1e4 Nxd3 32. Rxd4 Qg6 33. Re7
Nxf2 34. Be3 c5 35. Rdd7 Ne4 36. Rxb7+ Ka8 37. Rbd7 1-0

[Event "Groningen op"]
[Site "Groningen"]
[Date "1995.??.??"]
[Round "?"]
[White "Kupreichik, Viktor D"]
[Black "Yagupov, Igor"]
[Result "1-0"]
[WhiteElo "2525"]
[BlackElo "2405"]
[PlyCount "55"]
[EventDate "1995.12.??"]
[EventType "swiss"]
[EventRounds "11"]
[EventCountry "NED"]
[SourceTitle "CBM 050 Extra"]
[Source "ChessBase"]
[SourceDate "1996.03.01"]
[SourceVersion "1"]
[SourceVersionDate "1996.03.01"]
[SourceQuality "1"]

1. e4 e5 2. Nf3 Nc6 3. Bb5 f5 4. Nc3 fxe4 5. Nxe4 d5 6. Ng3 Bg4 7. h3 Bxf3 8.
Qxf3 Qd6 9. Qh5+ g6 10. Bxc6+ bxc6 11. Qe2 Ne7 12. b3 Bg7 13. a4 e4 14. Ba3 Qe6
15. Rd1 Nf5 16. O-O Nd4 17. Qa6 Nxc2 18. Bc5 Nd4 19. d3 Nxb3 20. Qb7 Nxc5 21.
Qxa8+ Kd7 22. Qxa7 Nxd3 23. f3 c5 24. fxe4 Bd4+ 25. Kh1 Nb4 26. Rxd4 cxd4 27.
Qxd4 Rb8 28. Qg7+ 1-0

[Event "Staufer op 08th"]
[Site "Schwaebisch Gmuend"]
[Date "1996.??.??"]
[Round "8"]
[White "Joachim, Sven"]
[Black "Kupreichik, Viktor D"]
[Result "0-1"]
[WhiteElo "2380"]
[BlackElo "2485"]
[PlyCount "72"]
[EventDate "1996.01.??"]
[EventType "swiss"]
[EventRounds "9"]
[EventCountry "GER"]
[SourceTitle "EXT 1998"]
[Source "ChessBase"]
[SourceDate "1997.11.17"]
[SourceVersion "1"]
[SourceVersionDate "1997.11.17"]
[SourceQuality "1"]

1. e4 c5 2. Nf3 d6 3. d4 cxd4 4. Nxd4 Nf6 5. Nc3 Bd7 6. Be2 e5 7. Nb3 Bc6 8.
Qd3 Be7 9. O-O a5 10. Be3 O-O 11. Rfd1 Na6 12. a3 b5 13. f3 Rb8 14. Qd2 a4 15.
Nc1 Qc8 16. Qe1 Rd8 17. Qf1 Qb7 18. N1a2 h6 19. Rab1 Nc7 20. Nb4 d5 21. exd5
Nfxd5 22. Ncxd5 Nxd5 23. Nxd5 Bxd5 24. b3 axb3 25. cxb3 Bxa3 26. b4 e4 27. fxe4
Bxe4 28. Rxd8+ Rxd8 29. Rb3 Ra8 30. Bxb5 Bc2 31. Rc3 Be4 32. Rb3 Bc2 33. Rc3
Bg6 34. Rb3 Qe4 35. Qc4 Qe5 36. Qd4 Qxb5 0-1

[Event "Passau op 4th"]
[Site "Passau"]
[Date "1996.??.??"]
[Round "4"]
[White "Kupreichik, Viktor D"]
[Black "Renner, Christoph"]
[Result "1-0"]
[WhiteElo "2520"]
[BlackElo "2410"]
[PlyCount "101"]
[EventDate "1996.04.??"]
[EventType "swiss"]
[EventRounds "7"]
[EventCountry "GER"]
[SourceTitle "EXT 2001"]
[Source "ChessBase"]
[SourceDate "2000.11.22"]
[SourceVersion "1"]
[SourceVersionDate "2000.11.22"]
[SourceQuality "1"]

1. e4 e5 2. Nf3 Nc6 3. Bb5 a6 4. Ba4 Nf6 5. O-O Be7 6. Re1 b5 7. Bb3 d6 8. a4
Bg4 9. c3 O-O 10. h3 Bxf3 11. Qxf3 b4 12. a5 Qb8 13. Bc4 Qb7 14. d3 bxc3 15.
Nxc3 Nd4 16. Qd1 c6 17. Ne2 d5 18. Nxd4 exd4 19. exd5 cxd5 20. Bb3 Bb4 21. Re2
h6 22. Bf4 Rfe8 23. Be5 Nd7 24. Bxd4 Rxe2 25. Qxe2 Bc5 26. Bxc5 Nxc5 27. Ba2
Nb3 28. Re1 Nxa5 29. Qe7 Qc6 30. Qb4 Nb7 31. Re7 Nc5 32. Qf4 Rf8 33. Qf5 g6 34.
Qxd5 Qxd5 35. Bxd5 Nxd3 36. b3 Kg7 37. Ra7 Nb4 38. Bc4 Kf6 39. Rb7 a5 40. Ra7
Ke5 41. Bxf7 Nc6 42. Ra6 Rxf7 43. Rxc6 Kf5 44. Ra6 Rb7 45. Rxa5+ Ke4 46. f3+
Ke3 47. Ra6 g5 48. Rxh6 Rxb3 49. Re6+ Kf4 50. Re4+ Kf5 51. h4 1-0

[Event "Passau op 4th"]
[Site "Passau"]
[Date "1996.??.??"]
[Round "5"]
[White "Arbakov, Valentin"]
[Black "Kupreichik, Viktor D"]
[Result "0-1"]
[WhiteElo "2515"]
[BlackElo "2520"]
[PlyCount "64"]
[EventDate "1996.04.??"]
[EventType "swiss"]
[EventRounds "7"]
[EventCountry "GER"]
[SourceTitle "EXT 2001"]
[Source "ChessBase"]
[SourceDate "2000.11.22"]
[SourceVersion "1"]
[SourceVersionDate "2000.11.22"]
[SourceQuality "1"]

1. c4 g6 2. d4 Bg7 3. Nc3 d6 4. e4 Nf6 5. f3 O-O 6. Be3 e5 7. Nge2 c6 8. d5
cxd5 9. cxd5 Ne8 10. Qd2 f5 11. O-O-O Bd7 12. Kb1 b5 13. a3 a5 14. Nc1 b4 15.
axb4 axb4 16. N3a2 Nf6 17. Bd3 Na6 18. Bxa6 Rxa6 19. Nxb4 Ra4 20. b3 Ra8 21.
Nc6 Qe8 22. Bg5 fxe4 23. Bxf6 e3 24. Qxe3 Bxf6 25. g4 Bxc6 26. dxc6 Qxc6 27.
Qe4 Qa6 28. Qc4+ Qxc4 29. bxc4 e4 30. Rxd6 Rfb8+ 31. Kc2 Rb2+ 32. Kd1 Bg5 0-1

[Event "Passau op 4th"]
[Site "Passau"]
[Date "1996.??.??"]
[Round "6"]
[White "Kupreichik, Viktor D"]
[Black "Berelowitsch, Alexander"]
[Result "1-0"]
[WhiteElo "2520"]
[BlackElo "2475"]
[PlyCount "41"]
[EventDate "1996.04.??"]
[EventType "swiss"]
[EventRounds "7"]
[EventCountry "GER"]
[SourceTitle "EXT 2001"]
[Source "ChessBase"]
[SourceDate "2000.11.22"]
[SourceVersion "1"]
[SourceVersionDate "2000.11.22"]
[SourceQuality "1"]

1. e4 d6 2. d4 Nf6 3. Nc3 g6 4. Be3 Bg7 5. Qd2 c6 6. Bh6 Bxh6 7. Qxh6 b5 8. e5
b4 9. Nd1 dxe5 10. dxe5 Nd5 11. Nf3 Be6 12. Bd3 Qa5 13. O-O Nd7 14. a3 Nc5 15.
Be2 b3 16. Rc1 Qa4 17. c4 Nb6 18. Nd4 Nbd7 19. Qg7 O-O-O 20. Nc3 Qa6 21. Nd5
1-0

[Event "Meisdorf op"]
[Site "Meisdorf"]
[Date "1996.04.??"]
[Round "?"]
[White "Kupreichik, Viktor D"]
[Black "Lau, Ralf"]
[Result "1-0"]
[WhiteElo "2485"]
[BlackElo "2495"]
[PlyCount "97"]
[EventDate "1996.04.10"]
[EventType "swiss"]
[EventRounds "7"]
[EventCountry "GER"]
[SourceTitle "EXT 1997"]
[Source "ChessBase"]
[SourceDate "1996.11.15"]
[SourceVersion "1"]
[SourceVersionDate "1996.11.15"]
[SourceQuality "1"]

1. e4 c5 2. Nc3 e6 3. g3 Nc6 4. Nf3 Nf6 5. Bg2 d5 6. exd5 exd5 7. d4 cxd4 8.
Nxd4 Be7 9. O-O O-O 10. Re1 Bg4 11. Qd3 Nb4 12. Qd2 Re8 13. h3 Bc8 14. Qd1 Bc5
15. Rxe8+ Qxe8 16. Be3 Bb6 17. Kh2 Bd7 18. Qd2 Rc8 19. Re1 Qd8 20. a3 Nc6 21.
Nxd5 Nxd5 22. Bxd5 Nxd4 23. Bxd4 Be6 24. Bxb6 Qxb6 25. Bxe6 fxe6 26. b3 h6 27.
a4 Rd8 28. Qe2 Rd6 29. Kg1 Qc6 30. Qe4 Qd7 31. Kg2 Kh8 32. h4 a6 33. Re3 b5 34.
Rf3 Kg8 35. Qa8+ Kh7 36. axb5 axb5 37. c3 Rd1 38. Rf8 Qd5+ 39. Qxd5 exd5 40. b4
Rd3 41. Rf3 Rd2 42. Rf4 Kg6 43. Rd4 Rxd4 44. cxd4 Kf5 45. f3 h5 46. Kf2 g5 47.
hxg5 Kxg5 48. Kg2 h4 49. g4 1-0

[Event "Meisdorf op"]
[Site "Meisdorf"]
[Date "1996.04.??"]
[Round "?"]
[White "Kupreichik, Viktor D"]
[Black "Slobodjan, Roman"]
[Result "1-0"]
[WhiteElo "2485"]
[BlackElo "2525"]
[PlyCount "101"]
[EventDate "1996.04.10"]
[EventType "swiss"]
[EventRounds "7"]
[EventCountry "GER"]
[SourceTitle "EXT 1997"]
[Source "ChessBase"]
[SourceDate "1996.11.15"]
[SourceVersion "1"]
[SourceVersionDate "1996.11.15"]
[SourceQuality "1"]

1. e4 d6 2. d4 Nf6 3. Nc3 g6 4. Be3 c6 5. Qd2 Nbd7 6. Nf3 e5 7. Bc4 Bg7 8. dxe5
dxe5 9. Bxf7+ Kxf7 10. Ng5+ Ke7 11. O-O-O Qc7 12. Nb5 cxb5 13. Qb4+ Ke8 14. Rd6
Nb8 15. Rhd1 Nc6 16. Qxb5 h6 17. Nf3 Nxe4 18. Rd8+ Qxd8 19. Rxd8+ Kxd8 20. Qd5+
Ke8 21. Qxe4 Bf5 22. Qa4 Bf6 23. Qb3 b6 24. Bxh6 Rc8 25. Bg5 Nd4 26. Qa4+ Bd7
27. Qxa7 Bxg5+ 28. Nxg5 Rxc2+ 29. Kd1 Ke7 30. Nf3 Rhc8 31. Nxe5 Rc1+ 32. Kd2
R8c2+ 33. Ke3 Nf5+ 34. Kd3 Rc7 35. Qxb6 Be6 36. Nxg6+ Kf7 37. Ne5+ Kf6 38. f4
Rd1+ 39. Ke2 Rcc1 40. Ng4+ Ke7 41. Qb4+ Nd6 42. Ne3 Rh1 43. f5 Bc4+ 44. Kf2 Kd7
45. b3 Bd3 46. Qa4+ Bb5 47. Qa7+ Rc7 48. Qd4 Rxh2 49. a4 Ba6 50. Kg3 Rh5 51.
Kf4 1-0